| 000 | 00435nam a22001577a 4500 | ||
|---|---|---|---|
| 005 | 20170720145510.0 | ||
| 008 | 170720b xxu||||| |||| 00| 0 eng d | ||
| 020 | _a9694082099 | ||
| 040 | _cPK-LaUMT | ||
| 082 |
_aZIAC 297 _bZUB-I |
||
| 100 | _aZubair Farooqui , Muhammad | ||
| 245 |
_aIslam and everyday living/ _cMuhammad Zubair Farooqu |
||
| 260 |
_aIslamabad: _bIslamic research institute, _c2000 |
||
| 300 | _a76 p. | ||
| 942 | _cBK | ||
| 999 |
_c95417 _d95417 |
||